000 00416nam a2200157 a 4500
005 20140412111237.0
008 000817s19uu xx 00 eng d
020 _a0-603-55054-1
050 _aTR(PS E
_bHe34 1989
245 _aHello Hippo! /
_cillustrated by Ian Newsham.
260 _aLondon :
_bDEAN,
_c1989.
300 _a85 p.
440 _aReading is Fun
650 _aHippo stories-Fiction
999 _c102536
_d102536